| 000 | 00777nam a2200205 a 4500 | ||
|---|---|---|---|
| 005 | 20240315063639.0 | ||
| 008 | 991125s1982 la 000 0 spa u | ||
| 035 | _aUPN01000020767 | ||
| 049 | _aLT | ||
| 050 | 4 |
_aLB1633 C9.011 _b1982 OM |
|
| 100 | 1 | _aRodríguez Pérez, Leticia | |
| 245 | 1 | 0 |
_aEspañol : _bonceno grado : orientaciones metodológicas _borientaciones metodológicas / _cLeticia Rodríguez Pérez, Olga Mendoza Martínez |
| 260 |
_aLa Habana : _bMinisterio de Educación$bPueblo yEducación, _c1982 |
||
| 300 | _a84 p. | ||
| 650 | 4 |
_aEspañol _xEstudio y enseñanza _97357 |
|
| 700 | 1 |
_aMendoza Martínez, Olga, _ecoaut. _929302 |
|
| 710 | 1 |
_aCuba. _bMinisterio de Educación. _bInstituo Central de Ciencias Pedagógicas |
|
| 904 |
_aAC _b020768 |
||
| 905 | _aLibro | ||
| 999 |
_c20767 _d20767 |
||